| 000 | 00547nmm a2200193Ia 4500 | ||
|---|---|---|---|
| 008 | 251105s9999||||xx |||||||||||||||||und|| | ||
| 020 | _a9788433915146 | ||
| 041 | _acat | ||
| 100 | _aVaqué Sánchez, Oriol | ||
| 245 | 0 | _aFeliços els feliços | |
| 264 |
_a[Madrid, España] : _bEditorial Anagrama, _c2014 |
||
| 300 | _a192 páginas | ||
| 490 | _aLlibres Anagrama | ||
| 650 | _aSpanish narrative | ||
| 700 | _aVaqué Sánchez, Oriol | ||
| 700 | 1 | _a Reza, Yasmina | |
| 856 | _uhttps://public.digitaliapublishing.com/a/32381 | ||
| 942 | _cCF | ||
| 999 |
_c72248 _d72248 |
||